| 000 | 01203nam a2200349 i 4500 | ||
|---|---|---|---|
| 001 | 200459276 | ||
| 003 | TR-AnTOB | ||
| 005 | 20250116105155.0 | ||
| 007 | ta | ||
| 008 | 240207s2022 tu b 000 0 tur d | ||
| 020 |
_a9786258209853 _q(paperback) |
||
| 035 | _a(TR-AnTOB)200459276 | ||
| 040 |
_aTR-AnTOB _beng _erda _cTR-AnTOB |
||
| 041 | 0 | _atur | |
| 050 | 4 |
_aKKX1050 _b.Ö9475 2022 |
|
| 090 |
_aKKX1050 _b.Ö9475 2022 |
||
| 100 | 1 |
_aÖzer, Işık _eauthor _994274 |
|
| 245 | 1 | 0 |
_aAnonim şirketlerde kurumsal sosyal sorumluluk / _cDr. Öğr. Üyesi Işık Özer. |
| 250 | _aBirinci baskı. | ||
| 264 | 1 |
_aAnkara : _bAdalet Yayınevi, _c2022. |
|
| 300 |
_axvi, 327 pages ; _c24 cm |
||
| 336 |
_atext _btxt _2rdacontent |
||
| 337 |
_aunmediated _bn _2rdamedia |
||
| 338 |
_avolume _bnc _2rdacarrier |
||
| 490 | 0 |
_aHukuk Yayınları dizisi ; _v3236 |
|
| 504 | _aBIB | ||
| 650 | 7 |
_aAnonim şirketler _zTürkiye _2etuturkob _9109551 |
|
| 650 | 0 |
_aSosyal sorumluluk, İşletmelerin _zTürkiye _9101136 |
|
| 856 | 4 | 0 |
_3Turcademy (Also available online) _uhttps://www.turcademy.com/en/kitap/anonim-sirketlerde-kurumsal-sosyal-sorumluluk-9786258209853 |
| 942 |
_2lcc _cBK |
||
| 999 |
_c200459276 _d77488 |
||